LIBRARY & INFORMATION CENTRE, KCAET, TAVANUR

ONLINE PUBLIC ACCESS CATALOGUE (OPAC)

Geotechnical engineering / (Record no. 13588)

MARC details
000 -LEADER
fixed length control field 00422cam a2200157ua 4500
003 - CONTROL NUMBER IDENTIFIER
control field OSt
008 - FIXED-LENGTH DATA ELEMENTS--GENERAL INFORMATION
fixed length control field 250328b |||||||| |||| 00| 0 eng d
041 ## - LANGUAGE CODE
Language code of text/sound track or separate title eng
082 ## - DEWEY DECIMAL CLASSIFICATION NUMBER
Classification number 624.1501
Item number GUL/GE
100 ## - MAIN ENTRY--AUTHOR NAME
Personal name Gulhati, Shashi K .
245 ## - TITLE STATEMENT
Title Geotechnical engineering /
260 ## - PUBLICATION, DISTRIBUTION, ETC. (IMPRINT)
Place of publication New Delhi :
Name of publisher Tata Mc-Graw Hill Publishing Company ,
Year of publication 2005.
300 ## - PHYSICAL DESCRIPTION
Number of Pages 738 ; .
700 1# - ADDED ENTRY--PERSONAL NAME
Personal name Datta, Manoj .
942 ## - ADDED ENTRY ELEMENTS (KOHA)
Koha item type Books
Holdings
Withdrawn status Lost status Damaged status Home library Current library Date acquired Full call number Accession Number Koha item type
      KAUAET KAUAET 07/04/2012 624.1501 GUL/GE 22253 Books
free website counter